Guess The Taylor Swift Song To The Album - Quick Fire - Statistics

General Stats
  • This quiz has been taken 1,224 times
  • The average score is 9 of 10
Answer Stats
Hint Answer % Correct
Afterglow Lover
93%
dorothea evermore
92%
Fifteen Fearless
92%
Better Than Revenge Speak Now
92%
I Know Places 1989
90%
Sweet Nothing Midnights
90%
King Of My Heart Reputation
89%
peace folklore
86%
The Last Time Red
85%
Cold As You Taylor Swift
80%
No matching quizzes found
Score Distribution
Percent of People with Each Score
Percentile by Number Answered
Your Score History
You have not taken this quiz